Laboratory experiments in microbiology / (رقم التسجيلة. 30468)
[ عرض عادي ]
| 000 -الفاتح | |
|---|---|
| حقل البيانات ثابتة الطول | 00805cam a2200277 a 4500 |
| 001 - رقم الضبط | |
| رقم الضبط | 17226909 |
| 003 - محدد رقم الضبط | |
| رقم الضبط | OSt |
| 005 - وقت وتاريخ اخر تعامل مع التسجيلة | |
| رقم الضبط | 20150408114138.0 |
| 008 - عناصر البيانات ثابتة الطول - معلومات عامة | |
| حقل البيانات ثابتة الطول | 120326s2013 maua 001 0 eng |
| 010 ## - رقم ضبط مكتبة الكونجرس | |
| رقم ضبط مكتبة الكونجرس | 2012382535 |
| 020 ## - الرقم الدولى المعيارى للكتب | |
| الرقم الدولى المعيارى للكتاب | 9780321799166 |
| 020 ## - الرقم الدولى المعيارى للكتب | |
| الرقم الدولى المعيارى للكتاب | 0321794389 |
| 040 ## - مصدر الفهرسة | |
| وكالة الفهرسة الأصلية | Ma-Un |
| لغة الفهرسة | eng |
| 050 00 - رقم طلب مكتبة الكونجرس | |
| رقم التصنيف | QR63 |
| رقم المادة | .J65 2013 |
| 082 00 - رقم تصنيف ديوى العشرى | |
| رقم التصنيف | 579.078 |
| رقم الطبعة | 23 |
| 100 1# - المدخل الرئيسى - إسم شخصى | |
| الإسم الشخصى | Johnson, Ted R., |
| التواريخ المصاحبة للاسم | 1946- |
| 9 (RLIN) | 19455 |
| 245 10 - بيان العنوان | |
| العنوان | Laboratory experiments in microbiology / |
| بيان المسئوليه,etc | Ted R. Johnson, Christine L. Case. |
| 250 ## - بيان الطبعة | |
| بيان الطبعة | 10th ed. |
| 260 ## - PUBLICATION, DISTRIBUTION, ETC. (IMPRINT) | |
| مكان الناشر او الموزع | Boston : |
| اسم الناشر او الموزع | Pearson, |
| تاريخ النشر أو التوزيع | c2013. |
| 300 ## - الوصف المادى | |
| التعداد | 478 p. : |
| تفاصيل ماديه اخرى للوعاء | ill (chiefly col.) ; |
| أبعاد الوعاء | 28 cm. |
| 500 ## - تبصرة عامة | |
| تبصرة عامة | Includes index. |
| 500 ## - تبصرة عامة | |
| تبصرة عامة | Spiral bound. |
| 650 #0 - المدخل الاضافى بالموضوع-مصطلح موضوعى | |
| مصطلح موضوعي أو اسم جغرافي كعنصر مدخل | Microbiology |
| التقسيم الفرعي الشكلي | Laboratory manuals. |
| 9 (RLIN) | 6599 |
| 700 1# - المدخل الاضافى - اسم شخصى | |
| الإسم الشخصى | Case, Christine L., |
| التواريخ المصاحبة للاسم | 1948- |
| 9 (RLIN) | 19456 |
| 942 ## - عناصر المدخل الإضافي( كوها) | |
| مصدر التصنيف او مخطط الترفيف | Dewey Decimal Classification |
| Koha [default] item type | كتاب |
| حالة الفقد | نموذج السعر الفعال | حالة تلف | ليس للاعارة | رقم الطلب | تاريخ الاكتساب | الموقع الحالي | الباركود | الفرع الرئيسي | Date last seen | نوع المادة فى نظام كوها | مصدر التصنيف او خطة الترفيف | Total Checkouts | رقم النسخة |
|---|---|---|---|---|---|---|---|---|---|---|---|---|---|
| 2013-08-16 | Not For Loan | 579.078 JTL | 2013-08-16 | المكتبة المركزية بالمجمعة (CL) | 00450393 | المكتبة المركزية بالمجمعة (CL) | 2013-08-16 | كتاب | Dewey Decimal Classification | ||||
| 2013-08-16 | 579.078 JTL | 2013-08-16 | المكتبة المركزية بالمجمعة (CL) | 00450394 | المكتبة المركزية بالمجمعة (CL) | 2013-08-16 | كتاب | Dewey Decimal Classification | |||||
| 2013-08-16 | 579.078 JTL | 2013-08-16 | المكتبة المركزية بالمجمعة (CL) | 00450395 | المكتبة المركزية بالمجمعة (CL) | 2013-08-16 | كتاب | Dewey Decimal Classification | |||||
| 2013-10-17 | 579.078 | 2013-10-17 | المكتبة المركزية بالمجمعة (CL) | 00206762 | المكتبة المركزية بالمجمعة (CL) | 2013-10-17 | كتاب | Dewey Decimal Classification | 1 | ||||
| 2013-10-17 | 579.078 | 2013-10-17 | المكتبة المركزية بالمجمعة (CL) | 00206761 | المكتبة المركزية بالمجمعة (CL) | 2013-10-17 | كتاب | Dewey Decimal Classification | 2 | ||||
| 2013-10-17 | 579.078 JTL | 2013-10-17 | المكتبة المركزية بالمجمعة (CL) | 00206760 | المكتبة المركزية بالمجمعة (CL) | 2013-10-17 | كتاب | Dewey Decimal Classification | 3 | ||||
| 2013-08-16 | 579.078 JTL | 2013-08-16 | مكتبة مجمع الكليات بالزلفى - طلاب (SZM) | 00450392 | مكتبة مجمع الكليات بالزلفى - طلاب (SZM) | 2013-08-16 | كتاب | Dewey Decimal Classification | 1 | ||||
| 2013-08-16 | 579.078 JTL | 2013-08-16 | مكتبة مجمع الكليات بالزلفى - طلاب (SZM) | 00450385 | مكتبة مجمع الكليات بالزلفى - طلاب (SZM) | 2013-08-16 | كتاب | Dewey Decimal Classification | 2 | ||||
| 2013-08-16 | Not For Loan | 579.078 JTL | 2013-08-16 | مكتبة مجمع الكليات بالزلفى - طلاب (SZM) | 00450384 | مكتبة مجمع الكليات بالزلفى - طلاب (SZM) | 2013-08-16 | كتاب | Dewey Decimal Classification | 3 | |||
| 2013-10-17 | 579.078 | 2013-10-17 | مكتبة مجمع الكليات بالزلفى - طلاب (SZM) | 00206759 | مكتبة مجمع الكليات بالزلفى - طلاب (SZM) | 2013-10-17 | كتاب | Dewey Decimal Classification | 4 | ||||
| 2013-10-17 | 579.078 | 2013-10-17 | مكتبة مجمع الكليات بالزلفى - طلاب (SZM) | 00206758 | مكتبة مجمع الكليات بالزلفى - طلاب (SZM) | 2013-10-17 | كتاب | Dewey Decimal Classification | 5 |
